Empleo, crecimiento y equidad: los retos de las reformas económicas de finales del siglo XX en Costa Rica. II parte: Crecimiento y productividad /

Saved in:
Bibliographic Details
Main Author: Ulate Quirós, Anabelle
Format: Unknown
Published: San José: Editorial de la Universidad de Costa Rica
Subjects:
Tags: Add Tag
No Tags, Be the first to tag this record!

MARC

LEADER 00000 a2200000 04500
001 18794
003
008 991231s d
040
090 |a 144404  
100 |a Ulate Quirós, Anabelle  
245 |a Empleo, crecimiento y equidad: los retos de las reformas económicas de finales del siglo XX en Costa Rica. II parte: Crecimiento y productividad /  |c Anabelle Ulate Quirós 
260 |a San José:   |b Editorial de la Universidad de Costa Rica  
300 |a 559 p.  
650 |a CRECIMIENTO ECONOMICO  
650 |a CAPITAL  
650 |a INVERSIONES PUBLICAS  
650 |a IMPORTACIONES  
650 |a EXPORTACIONES  
650 |a SECTORES DE LA ECONOMIA  
650 |a SECTOR TERCIARIO  
650 |a TRANSPORTE  
650 |a ELECTRICIDAD  
650 |a ENERGIA ELECTRICA  
999 |c 2378  |d 2378